Ironman Distances - Statistics

General Stats
  • This quiz has been taken 27 times
  • The average score is 6 of 10
Answer Stats
Hint Answer % Correct
Swim 3.8 km / 2.4 mi
100%
Bike 180 km / 112 mi
96%
Run 42.2 km / 26.2 mi
92%
Swim 1.9 km / 1.2 mi
88%
Run 21.1 km / 13.1 mi
88%
Bike 90 km / 56 mi
88%
Swim 10 km / 6.2 mi
32%
Mountain Bike 145 km / 90 mi
16%
Run 84 km / 52.4 mi
16%
Road Bike 276 km / 171.4 mi
4%
No matching quizzes found
Score Distribution
Percent of People with Each Score
Percentile by Number Answered
Your Score History
You have not taken this quiz